Geometry Dash - Most Downloaded Levels by Letter - S - Statistics

General Stats
  • This quiz has been taken 32 times
    11 since last reset
  • The average score is 8 of 20
Answer Stats
Publisher Difficulty Answer Downloads % Correct
IcEDCave Extreme Demon Slaughterhouse 35,400,000
83%
lSunix Extreme Demon Sonic Wave 39,100,000
67%
Unzor Harder Sunshine 35,200,000
67%
ZenthicAlpha Insane Demon Supersonic 45,000,000
67%
TrusTa Extreme Demon Sakupen Hell 24,800,000
50%
Danolex Harder Shock 54,800,000
50%
ChaSe Easy Demon Sidestep 30,200,000
50%
YoReid Medium Demon Skeletal Shenanigans 39,000,000
50%
rafer Harder SLAM 47,100,000
50%
JerkRat Easy Sonar 123,400,000
50%
ZenthicAlpha Easy Demon Speed Racer 62,400,000
50%
IIINePtunEIII Normal stereo madness v2 28,700,000
50%
BranSilver Harder Schade 26,400,000
17%
AceVict Harder Secrets 24,700,000
17%
Creator Cloud Hard simple cloud 27,500,000
17%
Rabbitical Auto Space Travel 28,800,000
17%
Serponge Normal Spooky Light 52,100,000
17%
diamond Hard square adventure 29,000,000
17%
SEM 1 Easy SUNSET 22,300,000
17%
SpacePark Hard Stereo Madness X 23,800,000
0%
No matching quizzes found
Score Distribution
Percent of People with Each Score
Percentile by Number Answered
Your Score History
You have not taken this quiz since the last reset